| 000 | 01483cam a22003251i 4500 | ||
|---|---|---|---|
| 001 | rc 01002754 | ||
| 003 | DLC | ||
| 005 | 20260227111907.0 | ||
| 007 | cr_||||||||||| | ||
| 007 | cr_||||||||||| | ||
| 008 | 790611s1846 scuacf 000 0 eng | ||
| 010 | _arc 01002754 | ||
| 035 | _a(OCoLC)5054131 | ||
| 040 |
_aDLC _cViW _dOCoLC _dDLC |
||
| 042 | _apremarc | ||
| 050 | 0 | 0 |
_aF226 _b.H85 |
| 100 | 1 |
_aHowe, Henry, _d1816-1893. |
|
| 245 | 1 | 0 |
_aHistorical collections of Virginia; _bcontaining a collection of the most interesting facts, traditions, biographical sketches, anecdotes &c. relating to its history and antiquities, together with geographical and statistical descriptions. To which is appended, an historical and descriptive sketch of the District of Columbia. Illus. by over 100 engravings ... _cBy Henry Howe. |
| 260 |
_aCharleston, S.C., _bBabcock & co., _c1846. |
||
| 300 |
_a1 p. l., x, [11]-544 p. _bcol. front., illus., plates, ports., fold. map. _c24 cm. |
||
| 500 | _aAdded t.-p., engraved. | ||
| 530 | _aAlso available in digital form on the Internet Archive Web site. | ||
| 530 | _aAlso available in digital form on the Internet Archive Web site. | ||
| 651 | 0 |
_aVirginia _xHistory, Local. |
|
| 651 | 0 |
_aVirginia _xHistory. |
|
| 651 | 0 |
_aVirginia _xDescription and travel. |
|
| 651 | 0 |
_aWashington (D.C.) _xDescription and travel. |
|
| 856 | 4 | 1 | _uhttp://hdl.loc.gov/loc.gdc/scd0001.00066703794 |
| 856 | 4 | 1 | _uhttp://hdl.loc.gov/loc.gdc/scd0001.00143664181 |
| 999 |
_c52395 _d52395 |
||